header

Language and power (Record no. 138446)

MARC details
000 -LEADER
fixed length control field 01640nam a2200373Ia 4500
245 00 - TITLE STATEMENT
Title Language and power
260 ## - PUBLICATION, DISTRIBUTION, ETC. (IMPRINT)
Place of publication Dar es Salaam, Tanzania :
Name of publisher Mkuki na Nyota Publishers,
Year of publication c2009.
300 ## - PHYSICAL DESCRIPTION
Number of Pages vii, 336 p. :
Other physical details ill.
500 ## - GENERAL NOTE
General note Papers from the IMPLAN (Implications of Language for Peace and Development) conference held at the University of Oslo on May 3-4, 2008.
650 #0 - SUBJECT ADDED ENTRY--TOPICAL TERM
Topical Term Language and languages
Topical Term Sociolinguistics
Topical Term Language and education
Topical Term Colonies
Topical Term Globalization
Topical Term Power (Social sciences)
700 1# - ADDED ENTRY--PERSONAL NAME
Personal name Brock-Utne, Birgit,
Personal name Garbo, Gunnar,
856 40 - ELECTRONIC LOCATION AND ACCESS
Uniform Resource Identifier http://site.ebrary.com/lib/rucke/Doc?id=10449896

No items available.

© 2026 Rongo University
Contact us: librarian | system librarian | Rongo university